000 00789cam a22002773a 4500
001 432
003 PGUSA
005 20140828082948.0
008 960201s1996||||xxu|||||s|||||000 1 eng d
040 _aPGUSA
_beng
042 _adc
050 4 _aPS
100 1 _aJames, Henry,
_d1843-1916
245 1 4 _aThe Ambassadors
_h[electronic resource] /
_cHenry James
260 _bProject Gutenberg,
_c1996
506 _aPublic domain in the USA.
516 _aElectronic text
653 _aParis (France) -- Fiction
653 _aMan-woman relationships -- Fiction
653 _aYoung men -- Fiction
653 _aAmericans -- France -- Fiction
653 _aPsychological fiction
830 0 _aProject Gutenberg
_v432
856 4 0 _uhttp://www.gutenberg.org/ebooks/432
942 _cEB
999 _c229783
_d229783